[Event "World Blitz 2025"]
[Site "Doha QAT"]
[Date "2025.12.30"]
[Round "17.73"]
[White "Cunha, Lucas Aguiar"]
[Black "Haug, Havard"]
[Result "1/2-1/2"]
[WhiteTitle "FM"]
[BlackTitle "FM"]
[WhiteElo "2263"]
[BlackElo "2416"]
[WhiteFideId "2125404"]
[BlackFideId "1547887"]
[EventDate "2025.12.29"]

1. e4 c5 2. Nf3 d6 3. d4 cxd4 4. Qxd4 Nc6 5. Bb5 Bd7 6. Bxc6 Bxc6 7. Nc3 e5 8.
Qd3 h6 9. b3 Nf6 10. Bb2 Be7 11. O-O-O a5 12. a4 Qc7 13. Rhe1 O-O 14. Nd2 Rfd8
15. Nc4 Rac8 16. Ne3 b6 17. Kb1 Qb7 18. f3 Rb8 19. Ned5 Nxd5 20. exd5 Be8 21.
Nb5 Bxb5 22. Qxb5 Bf6 23. f4 Qe7 24. Re2 Rbc8 25. Qxb6 e4 26. Bxf6 Qxf6 27. g3
Re8 28. Qxa5 h5 29. Qb4 Qf5 30. Qxd6 e3 31. Qb4 Red8 32. d6 Qg4 33. Rde1 Qg6 34.
Rd1 Qg4 35. Rde1 Qg6 36. f5 Qf6 37. Rxe3 Rxd6 38. Re8+ Rxe8 39. Rxe8+ Kh7 40.
Qe1 Qd4 41. Qe2 Rh6 42. Qe4 Qd1+ 43. Kb2 Rf6 44. Re5 Qd2 45. Rd5 Qxh2 46. Qf3
Qh3 47. a5 h4 48. Rd1 Rxf5 49. Qe4 g6 50. Qxh4+ Qxh4 51. gxh4 Rxa5 52. Rd4 f5
53. b4 Ra4 54. Kb3 Ra1 55. b5 Kh6 56. Rb4 g5 57. hxg5+ Kxg5 58. b6 Ra8 59. b7
Rb8 60. c4 f4 61. c5 f3 62. c6 f2 63. c7 f1=Q 64. cxb8=Q Qb1+ 65. Kc4 Qe4+ 66.
Kc5 Qe3+ 67. Kc6 Qc3+ 68. Kb5 Qd3+ 69. Kc5 Qc3+ 70. Rc4 Qe3+ 71. Kc6 Qf3+ 72.
Kd7 Qf7+ 73. Kc8 Qxc4+ 74. Qc7 Qg4+ 75. Qd7 Qc4+ 76. Kd8 Qg8+ 77. Kc7 Qc4+ 78.
Qc6 Qf4+ 79. Kb6 Kh4 80. Qc5 Qf6+ 81. Kb5 Kh3 82. Qc4 Qe5+ 83. Qc5 Qe8+ 84. Kb6
Qe6+ 85. Ka7 Qa2+ 86. Kb6 Qb3+ 87. Kc6 Qe6+ 88. Qd6 Qc4+ 89. Kd7 Qb5+ 90. Kc7
Qc4+ 91. Kd8 Qg8+ 92. Kd7 Qf7+ 93. Kc8 Qg8+ 94. Qd8 Qc4+ 95. Qc7 Qg8+ 96. Qd8
Qc4+ 97. Kb8 Kg2 98. Qg5+ Kh1 99. Qh6+ Kg2 100. Qg7+ Kh1 101. Qh6+ Kg2 102. Qg6+
Kh1 103. Qb1+ Kg2 104. Qg6+ Kh1 105. Qd6 Qg8+ 106. Kc7 Qf7+ 107. Kc6 Qc4+ 108.
Qc5 Qe6+ 109. Kb5 Qb3+ 110. Kc6 Qe6+ 111. Kc7 Qf7+ 112. Kb6 Qb3+ 113. Qb5 Qe3+
114. Kc7 Qe7+ 115. Kb8 Qd8+ 116. Ka7 Qd4+ 117. Ka8 Qa1+ 118. Kb8 Qh8+ 119. Ka7
Qd4+ 120. Qb6 Qa4+ 121. Kb8 Qe8+ 122. Ka7 Qa4+ 123. Qa6 Qd4+ 124. Ka8 Qe4 125.
Qb5 Qf3 126. Qb4 Qd5 127. Ka7 Qd7 128. Qc4 Qe7 129. Qc1+ Kg2 130. Ka8 Qe4 131.
Qb2+ Kh1 132. Ka7 Qe3+ 133. Ka6 Qe6+ 134. Qb6 Qa2+ 135. Qa5 Qc4+ 136. Qb5 Qa2+
137. Kb6 Qf2+ 138. Kc7 Qf4+ 139. Kc6 Qf6+ 140. Kd5 Qf5+ 141. Kc4 Qf1+ 142. Kc5
Qf5+ 143. Kb4 Qb1+ 144. Ka5 Qa2+ 145. Kb6 Qf2+ 146. Qc5 Qb2+ 147. Qb5 Qf2+ 148.
Qc5 Qb2+ 149. Kc6 Qf6+ 150. Qd6 Qc3+ 151. Kd7 Qg7+ 152. Qe7 Qd4+ 153. Ke8 Qh8+
154. Kd7 Qd4+ 155. Kc8 Qc4+ 1/2-1/2

[Event "World Blitz 2025"]
[Site "Doha QAT"]
[Date "2025.12.30"]
[Round "17.74"]
[White "Rakotomaharo, Fy Antenaina"]
[Black "Materia, Marco"]
[Result "0-1"]
[WhiteTitle "IM"]
[BlackTitle "IM"]
[WhiteElo "2434"]
[BlackElo "2497"]
[WhiteFideId "13100050"]
[BlackFideId "45150451"]
[EventDate "2025.12.29"]

1. e4 c5 2. Nf3 d6 3. d4 cxd4 4. Nxd4 Nf6 5. Nc3 Nc6 6. Be2 e5 7. Nb3 Be7 8. O-O
O-O 9. Be3 Be6 10. Bf3 a5 11. Nd5 a4 12. Nd2 a3 13. bxa3 Rxa3 14. Nc4 Ra6 15.
Qb1 Qb8 16. a4 Bxd5 17. exd5 Nd4 18. Bxd4 exd4 19. Qb2 Nd7 20. Rae1 Bf6 21. Qb5
Qc7 22. Bg4 Ne5 23. Nxe5 dxe5 24. Bf5 g6 25. Bd3 Rfa8 26. Rb1 R6a7 27. Rb3 Kg7
28. Rfb1 Be7 29. Qb6 Qxb6 30. Rxb6 Bc5 31. Rxb7 Rxa4 32. Kf1 Kg8 33. Rc7 Bd6 34.
Rd7 Bc5 35. Rbb7 e4 36. Bxe4 Re8 37. f3 d3 38. cxd3 Ra1+ 39. Ke2 Bd4 40. Kd2
Rea8 41. Kc2 f5 42. d6 fxe4 43. dxe4 R1a3 44. Rdc7 Be5 45. Re7 Rc3+ 46. Kd2 Ra2+
47. Kd1 Rd3+ 48. Kc1 Bf4+ 49. Kb1 Ra8 50. Rg7+ Kh8 51. Rxh7+ Kg8 52. Rhg7+ Kh8
53. Rh7+ Kg8 54. Rhg7+ Kh8 55. Rgf7 Bxd6 56. Rh7+ Kg8 57. Rhg7+ Kf8 58. Rxg6 Be5
59. Kc2 Rc3+ 60. Kd2 Ra2+ 61. Kd1 Rd3+ 62. Kc1 Bf4+ 63. Kb1 Rf2 64. Rf6+ Ke8 0-1

[Event "World Blitz 2025"]
[Site "Doha QAT"]
[Date "2025.12.30"]
[Round "17.75"]
[White "Harikrishnan, A. Ra"]
[Black "Saraci, Nderim"]
[Result "0-1"]
[WhiteTitle "GM"]
[BlackTitle "IM"]
[WhiteElo "2531"]
[BlackElo "2461"]
[WhiteFideId "5081483"]
[BlackFideId "6351921"]
[EventDate "2025.12.29"]

1. Nf3 d5 2. g3 c5 3. c4 Nf6 4. Bg2 g6 5. O-O Bg7 6. d4 cxd4 7. cxd5 O-O 8. Nxd4
Nxd5 9. Nb5 a6 10. N1c3 Nxc3 11. Nxc3 Nc6 12. Be3 Nd4 13. Qd2 e5 14. Rfd1 Rb8
15. Bh6 Bg4 16. Bxg7 Kxg7 17. Qe3 Re8 18. Rac1 h5 19. h3 Bf5 20. Ne4 Qe7 21. a3
a5 22. Nc3 Rbc8 23. Nd5 Qd6 24. Rc3 b5 25. Kf1 Be6 26. Rxc8 Rxc8 27. Nc3 Qc5 28.
Qg5 f6 29. Qd2 b4 30. axb4 axb4 31. Ne4 Qc2 32. e3 Bb3 33. Qxc2 Bxc2 34. Rd2 Nb5
35. Rd7+ Kf8 36. Nxf6 Bf5 37. Rb7 Rc1+ 38. Ke2 Rc2+ 39. Kd1 Nd6 40. Ra7 Rxb2 41.
Bd5 Rxf2 42. Kc1 Rc2+ 43. Kd1 Rf2 44. e4 Bxh3 45. Nh7+ Ke8 46. Ng5 Bg4+ 47. Kc1
Kd8 48. Bc6 Nc4 49. Nf7+ Kc8 50. Ra8+ Kc7 0-1

[Event "World Blitz 2025"]
[Site "Doha QAT"]
[Date "2025.12.30"]
[Round "17.76"]
[White "Volokitin, Andrei"]
[Black "Ohanyan, Emin"]
[Result "0-1"]
[WhiteTitle "GM"]
[BlackTitle "GM"]
[WhiteElo "2619"]
[BlackElo "2493"]
[WhiteFideId "14107090"]
[BlackFideId "13312022"]
[EventDate "2025.12.29"]

1. e4 c5 2. Nf3 e6 3. d4 cxd4 4. Nxd4 Nf6 5. Nc3 Nc6 6. Qd3 Qb6 7. Nb3 Bb4 8.
Be3 Qc7 9. f3 d5 10. O-O-O O-O 11. exd5 Nxd5 12. Nxd5 exd5 13. Nd4 Re8 14. Kb1
a6 15. Bf2 Bf8 16. h4 Bd7 17. h5 h6 18. Nb3 Nb4 19. Qd2 Rac8 20. Nd4 Bc5 21. a3
Bxd4 22. Bxd4 Qxc2+ 23. Qxc2 Nxc2 24. Bb6 Ba4 25. Bd3 Ne3 26. Rd2 Bb3 27. Bxe3
Rxe3 28. Rf1 0-1

[Event "World Blitz 2025"]
[Site "Doha QAT"]
[Date "2025.12.30"]
[Round "17.97"]
[White "Can, Emre"]
[Black "Piliposyan, Robert"]
[Result "0-1"]
[WhiteTitle "GM"]
[BlackTitle "IM"]
[WhiteElo "2541"]
[BlackElo "2442"]
[WhiteFideId "6302181"]
[BlackFideId "13309978"]
[EventDate "2025.12.29"]

1. e4 e6 2. Nf3 d5 3. e5 c5 4. b4 cxb4 5. a3 Nc6 6. axb4 Bxb4 7. c3 Bf8 8. d4
Nge7 9. Bd3 Nf5 10. h4 f6 11. exf6 Qxf6 12. Na3 Bd6 13. Nb5 Bb8 14. Ba3 a6 15.
Bc5 Bd7 16. Qe2 b6 17. Bxb6 O-O 18. Nc7 Bxc7 19. Bxc7 Rfc8 20. Bb6 Nd6 21. O-O
Be8 22. Ng5 Bg6 23. Bxg6 Qxg6 24. Rxa6 Rxa6 25. Qxa6 h6 26. Nf3 Qe8 27. Re1 Ne4
28. Qd3 Ne7 29. Ba5 Qa4 30. Bb4 Nc6 31. Rb1 Qa2 32. Qf1 Nxb4 33. cxb4 Rc2 34.
Ra1 Qb2 35. Rb1 Qa2 36. Ra1 Qb2 37. Rb1 Qc3 38. Qa6 Qc8 39. Qxc8+ Rxc8 40. b5
Rb8 41. b6 Rb7 42. Ne5 Nc3 43. Rb3 Ne2+ 44. Kh2 Nxd4 45. Rb1 Kf8 46. Nd3 Ke7 47.
Nc5 Rb8 48. Na6 Rb7 49. Nc5 Rb8 50. b7 Nc6 51. Na6 Rf8 52. b8=Q Nxb8 53. Rxb8
Rxf2 54. Kg3 Rc2 55. Nb4 Rc3+ 56. Kf2 Kf6 57. Rb6 Kf5 58. Nc6 e5 59. Ne7+ Ke4
60. Ng6 Rc2+ 61. Kg3 Rc3+ 62. Kg4 d4 63. Re6 Rc5 64. Re7 d3 65. Rd7 Rc2 66. Kg3
d2 67. Nf8 Rc3+ 68. Kf2 Rd3 0-1

[Event "World Blitz 2025"]
[Site "Doha QAT"]
[Date "2025.12.30"]
[Round "17.98"]
[White "Vetokhin, Savva"]
[Black "Gokerkan, Cem Kaan"]
[Result "1-0"]
[WhiteTitle "GM"]
[BlackTitle "GM"]
[WhiteElo "2572"]
[BlackElo "2510"]
[WhiteFideId "44144474"]
[BlackFideId "6336760"]
[EventDate "2025.12.29"]

1. d4 Nf6 2. c4 e6 3. Nc3 Bb4 4. e3 O-O 5. Bd3 d5 6. a3 dxc4 7. Bxc4 Be7 8. Nf3
c5 9. O-O a6 10. dxc5 Bxc5 11. Qe2 b5 12. Ba2 Bb7 13. e4 Nbd7 14. b4 Be7 15. Bb2
Qb8 16. Rfe1 Rc8 17. Rad1 Nb6 18. Nd2 h6 19. h3 Qf4 20. Bb1 Rc7 21. Rc1 Rac8 22.
Na2 Nc4 23. Nxc4 Rxc4 24. Rxc4 Rxc4 25. Bd3 Rc8 26. Nc3 Nd7 27. e5 Nb6 28. Ne4
Nc4 29. g3 Qf5 30. Nf6+ gxf6 31. Bxf5 exf5 32. exf6 Bf8 33. Bd4 Rd8 34. Bc5 Nd2
35. Rd1 Nf3+ 36. Qxf3 1-0

[Event "World Blitz 2025"]
[Site "Doha QAT"]
[Date "2025.12.30"]
[Round "17.99"]
[White "Dudin, Gleb"]
[Black "Wafa, Hamed"]
[Result "1-0"]
[WhiteTitle "GM"]
[BlackTitle "IM"]
[WhiteElo "2585"]
[BlackElo "2373"]
[WhiteFideId "34184934"]
[BlackFideId "10628452"]
[EventDate "2025.12.29"]

1. e4 c5 2. c3 Nf6 3. e5 Nd5 4. Bc4 Nb6 5. Bb3 c4 6. Bc2 g6 7. Nf3 Bg7 8. a4 Nc6
9. Qe2 a5 10. Na3 O-O 11. O-O Qc7 12. Re1 Nd8 13. Nb5 Qb8 14. b3 cxb3 15. Bxb3
d5 16. exd6 exd6 17. Ba3 Be6 18. Bxe6 Re8 19. Bxd6 Qc8 1-0

[Event "World Blitz 2025"]
[Site "Doha QAT"]
[Date "2025.12.30"]
[Round "17.100"]
[White "Galaviz Medina, Sion Radamantys"]
[Black "Samadov, Read"]
[Result "0-1"]
[WhiteTitle "IM"]
[BlackTitle "IM"]
[WhiteElo "2514"]
[BlackElo "2510"]
[WhiteFideId "5123119"]
[BlackFideId "13417444"]
[EventDate "2025.12.29"]

1. d4 Nf6 2. c4 g6 3. Nc3 Bg7 4. e4 d6 5. Be2 O-O 6. Be3 c5 7. d5 Qb6 8. Qc2 Ng4
9. Bd2 f5 10. Bxg4 fxg4 11. Nge2 Nd7 12. O-O Ne5 13. b3 Bd7 14. a4 Rf7 15. Rab1
Raf8 16. Nc1 Qd8 17. Nd3 e6 18. Nxe5 Bxe5 19. dxe6 Bxe6 20. Be3 Qh4 21. g3 Qh3
22. Rbd1 Rf3 23. Ne2 Bd7 24. Nf4 R8xf4 25. Bxf4 Rxf4 26. gxf4 Bxf4 27. f3 gxf3
28. Rd3 Bg4 29. Qf2 Be5 30. Kh1 Kg7 31. Rfd1 Qh6 32. Rg1 Bh5 33. Rgd1 Qf4 34.
Re1 Bg4 35. Ree3 Bd4 36. Rxf3 Qxe4 37. Qg3 h5 38. h3 Be5 39. Qg2 Bf5 40. Rxf5
Qxd3 41. Rf3 Qd1+ 42. Rf1 Qxb3 43. Qf3 Qxc4 44. Qxb7+ Kh6 45. Qf3 Qc2 46. Qf8+
Kg5 47. Qe7+ Kh6 48. Qf8+ Bg7 49. Qf4+ Kh7 50. Qxd6 Qe4+ 51. Kg1 Bd4+ 52. Rf2
Qe1+ 0-1

[Event "World Blitz 2025"]
[Site "Doha QAT"]
[Date "2025.12.30"]
[Round "17.101"]
[White "Raja, Harshit"]
[Black "Suleymenov, Alisher"]
[Result "1-0"]
[WhiteTitle "GM"]
[BlackTitle "GM"]
[WhiteElo "2472"]
[BlackElo "2505"]
[WhiteFideId "5089000"]
[BlackFideId "13707833"]
[EventDate "2025.12.29"]

1. e4 e5 2. Nf3 Nf6 3. Nxe5 d6 4. Nf3 Nxe4 5. d4 d5 6. Bd3 Bf5 7. O-O Be7 8. Re1
O-O 9. Nbd2 Nd6 10. Nf1 c6 11. Ng3 Bxd3 12. Qxd3 Na6 13. Bf4 Nc7 14. Re2 Ne6 15.
Bd2 Nc4 16. Bc1 Re8 17. b3 Nd6 18. Bd2 Bf8 19. Rae1 g6 20. h4 h5 21. Rxe6 fxe6
22. Qxg6+ Kh8 23. Qxh5+ Kg8 24. Qg6+ Kh8 25. Re5 Bg7 26. Rh5+ Kg8 27. Qh7+ Kf8
28. Ne5 Qc7 29. Rg5 Rac8 30. Rxg7 1-0

[Event "World Blitz 2025"]
[Site "Doha QAT"]
[Date "2025.12.30"]
[Round "17.102"]
[White "Sindarov, Islombek"]
[Black "Balakrishnan, Praveen"]
[Result "1-0"]
[WhiteTitle "CM"]
[BlackTitle "GM"]
[WhiteElo "2129"]
[BlackElo "2507"]
[WhiteFideId "14205475"]
[BlackFideId "2064871"]
[EventDate "2025.12.29"]

1. e4 e5 2. Nf3 Nc6 3. Bc4 Nf6 4. d3 Bc5 5. O-O d6 6. h3 h6 7. c3 Bb6 8. b4 g5
9. d4 g4 10. Nh2 gxh3 11. g3 exd4 12. Bb2 Nxe4 13. Re1 d5 14. Qh5 Be6 15. Rxe4
dxe4 16. Bxe6 Qf6 17. Bxh3 d3 18. Ng4 Qg5 19. c4 Bd4 20. Bxd4 Nxd4 21. Nc3 Qxh5
22. Nf6+ Ke7 23. Nxh5 f5 24. Nd5+ Kf7 25. Ne3 Rad8 26. Rd1 Ne2+ 27. Kf1 Nc3 28.
Rd2 Nb1 29. Rb2 Nc3 30. Ke1 Na4 31. Rd2 Rhe8 32. Bxf5 Nc3 33. Nf4 c6 34. Bg6+
Kf6 35. Bxe8 Rxe8 36. Kf1 Nb1 37. Rb2 Nc3 38. Ke1 Na4 39. Rb3 Nb6 40. c5 Nd7 41.
f3 Ke5 42. Kd2 Nf6 43. Ng6+ Kd4 44. Nf5+ Kc4 45. Nd6+ Kd4 46. Nxe8 e3+ 47. Kd1
Nxe8 48. Nf4 d2 49. Rd3+ Kc4 50. Rxe3 1-0

[Event "World Blitz 2025"]
[Site "Doha QAT"]
[Date "2025.12.30"]
[Round "17.103"]
[White "Christiansen, Johan-Sebastian"]
[Black "Urkedal, Frode Olav Olsen"]
[Result "1-0"]
[WhiteTitle "GM"]
[BlackTitle "GM"]
[WhiteElo "2655"]
[BlackElo "2568"]
[WhiteFideId "1512668"]
[BlackFideId "1506102"]
[EventDate "2025.12.29"]

1. e4 e5 2. Nc3 Nf6 3. f4 d5 4. fxe5 Nxe4 5. Nf3 Bc5 6. d4 Bb4 7. a3 Nxc3 8. Qd3
Ba5 9. bxc3 c5 10. Bd2 cxd4 11. cxd4 Nc6 12. Be2 Bxd2+ 13. Qxd2 Bf5 14. O-O O-O
15. c3 Na5 16. Qf4 Be4 17. Ng5 Bg6 18. h4 h6 19. Nh3 Rc8 20. Qg3 Rc6 21. Nf4 Be4
22. e6 fxe6 23. Nh5 Rxf1+ 24. Rxf1 Qc7 25. Nf6+ Kh8 26. Nxe4 dxe4 27. Rf8+ Kh7
28. Qg4 Rxc3 29. Qxe4+ g6 30. h5 Kg7 31. Rf1 Qg3 32. Bf3 Qg5 1-0

[Event "World Blitz 2025"]
[Site "Doha QAT"]
[Date "2025.12.30"]
[Round "17.104"]
[White "Chigaev, Maksim"]
[Black "Averin, Nikolay"]
[Result "0-1"]
[WhiteTitle "GM"]
[BlackTitle "FM"]
[WhiteElo "2626"]
[BlackElo "2389"]
[WhiteFideId "4108116"]
[BlackFideId "24250473"]
[EventDate "2025.12.29"]

1. c4 e6 2. g3 d5 3. Bg2 dxc4 4. Qa4+ Nd7 5. Qxc4 a6 6. Qc2 Ngf6 7. Nh3 c5 8.
O-O Be7 9. Rd1 O-O 10. Nc3 e5 11. Ng5 h6 12. Nge4 Nxe4 13. Nxe4 f5 14. Nc3 Nf6
15. d3 Rb8 16. a3 b6 17. b4 Bb7 18. Bxb7 Rxb7 19. Bb2 Kh8 20. Qa4 Qd7 21. Qxd7
Nxd7 22. b5 axb5 23. Nxb5 Kg8 24. Rac1 Kf7 25. Kg2 Ke6 26. f4 Bf6 27. fxe5 Nxe5
28. d4 Ng4 29. Rd3 Bg5 30. Rcc3 c4 31. d5+ Kd7 32. Rxc4 Ne3+ 33. Rxe3 Bxe3 34.
Bxg7 Rg8 35. Be5 Bc5 36. Kf3 h5 37. Rh4 Ra8 38. Rxh5 Ra5 39. a4 Rxa4 40. Rxf5
Ra5 41. Nd4 b5 42. Nc6 Ra3+ 43. Kg4 b4 44. Rf7+ Kc8 45. Rf1 b3 0-1

[Event "World Blitz 2025"]
[Site "Doha QAT"]
[Date "2025.12.30"]
[Round "17.105"]
[White "Sklokin, Sergey"]
[Black "Zhang, Zhong"]
[Result "1-0"]
[WhiteTitle "FM"]
[BlackTitle "GM"]
[WhiteElo "2407"]
[BlackElo "2561"]
[WhiteFideId "55730230"]
[BlackFideId "8600694"]
[EventDate "2025.12.29"]

1. e4 c6 2. d4 d5 3. e5 Bf5 4. h4 h5 5. Bd3 Bxd3 6. Qxd3 Qa5+ 7. Nd2 e6 8. Nf3
Qa6 9. c4 Nh6 10. b3 Nf5 11. O-O Be7 12. a4 Nd7 13. Ba3 Bxa3 14. Rxa3 c5 15.
dxc5 Nxc5 16. Qc2 dxc4 17. Nxc4 Qc6 18. b4 Nd7 19. Rc3 O-O 20. Nd6 Qb6 21. Nxf5
exf5 22. Qxf5 Qxb4 23. Rc7 Nc5 24. Qxh5 Ne6 25. Ng5 Nxg5 26. hxg5 g6 27. Qf3
Rae8 28. Rxb7 Qxa4 29. Qe3 a5 30. f4 Qc6 31. Rb6 Qd5 32. Rb3 a4 33. Rd3 Qe6 34.
Qe4 Ra8 35. f5 gxf5 36. Rxf5 Qg6 37. Ra3 Ra5 38. Qf4 Rd8 39. Rf6 Rd1+ 40. Kf2
Qc2+ 41. Kg3 Rd3+ 42. Rxd3 Qxd3+ 43. Kh2 Qh7+ 44. Rh6 Qg7 45. e6 Qe5 46. exf7+
Kf8 47. Qxe5 Rxe5 48. g6 Rf5 49. Rh8+ 1-0

[Event "World Blitz 2025"]
[Site "Doha QAT"]
[Date "2025.12.30"]
[Round "17.106"]
[White "Akobian, Varuzhan"]
[Black "Raja, Rithvik R"]
[Result "1-0"]
[WhiteTitle "GM"]
[BlackTitle "GM"]
[WhiteElo "2549"]
[BlackElo "2541"]
[WhiteFideId "13300580"]
[BlackFideId "35007394"]
[EventDate "2025.12.29"]

1. d4 Nf6 2. Nf3 d5 3. c4 e6 4. cxd5 exd5 5. Nc3 c6 6. Qc2 g6 7. Bg5 Be7 8. e3
Bf5 9. Bd3 Bxd3 10. Qxd3 Nbd7 11. O-O O-O 12. Rab1 a5 13. Qc2 Re8 14. Rfc1 Nb6
15. Ne5 Nfd7 16. Bxe7 Rxe7 17. Nxd7 Qxd7 18. Na4 Qc7 19. Nxb6 Qxb6 20. b3 Qb4
21. Qc5 f5 22. g3 Qxc5 23. Rxc5 g5 24. Rc3 f4 25. Kg2 Kg7 26. exf4 gxf4 27. g4
Re2 28. a4 Rd2 29. b4 Rxd4 30. bxa5 Ra7 31. a6 Rxa6 32. Rxb7+ Kg6 33. a5 Ra4 34.
Rb6 f3+ 35. Kg3 Rxb6 36. axb6 Rb4 37. Rxc6+ Kf7 38. Kxf3 Ke7 39. h4 Kd7 40. Rh6
Rb3+ 41. Kf4 d4 42. Ke4 d3 43. Ke3 Ke7 44. b7 Kf8 45. Rxh7 Kg8 46. Rd7 1-0

[Event "World Blitz 2025"]
[Site "Doha QAT"]
[Date "2025.12.30"]
[Round "17.107"]
[White "Sahidi, Samir"]
[Black "Tran, Thanh Tu"]
[Result "1-0"]
[WhiteTitle "IM"]
[BlackTitle "IM"]
[WhiteElo "2516"]
[BlackElo "2402"]
[WhiteFideId "14936372"]
[BlackFideId "12401404"]
[EventDate "2025.12.29"]

1. e4 Nc6 2. d4 d6 3. Nf3 Nf6 4. Nc3 g6 5. h3 Bg7 6. Be3 O-O 7. Be2 e5 8. dxe5
Nxe5 9. Nxe5 dxe5 10. O-O Be6 11. Qxd8 Rfxd8 12. Rfd1 a6 13. Kf1 h6 14. Ke1 Kf8
15. f3 Ke8 16. Na4 Nd7 17. Nc3 c6 18. Rd2 f5 19. exf5 gxf5 20. g4 Nf6 21. Rad1
Rxd2 22. Rxd2 Rd8 23. Rxd8+ Kxd8 24. b3 Nd5 25. Bd2 Ke7 26. Na4 Nf4 27. Bf1 Bf6
28. Bb4+ Kf7 29. Nc5 Bh4+ 30. Kd2 fxg4 31. hxg4 Bc8 32. Bc4+ Ke8 33. Ne4 b5 34.
Nd6+ Kd8 35. Nxc8 Kxc8 36. Bf7 Nd5 37. Bd6 Bg3 38. c4 Nf6 39. Be7 Nd7 40. Kd3
Kc7 41. Ke4 Bf4 42. Be6 a5 43. Ba3 a4 44. Bxd7 Kxd7 45. Kf5 Bg3 46. Bb2 Kd6 47.
Bc1 bxc4 48. bxc4 Kc5 49. Bxh6 Kxc4 50. Bc1 Kd5 51. g5 c5 52. g6 1-0

[Event "World Blitz 2025"]
[Site "Doha QAT"]
[Date "2025.12.30"]
[Round "17.108"]
[White "Karthik, Venkataraman"]
[Black "Shogdzhiev, Roman"]
[Result "0-1"]
[WhiteTitle "GM"]
[BlackTitle "IM"]
[WhiteElo "2589"]
[BlackElo "2403"]
[WhiteFideId "25006479"]
[BlackFideId "55653537"]
[EventDate "2025.12.29"]

1. e4 c5 2. Nf3 d6 3. d4 cxd4 4. Nxd4 Nf6 5. Nc3 a6 6. Be3 e5 7. Nb3 Be6 8. f3
h5 9. Qd2 Nbd7 10. Nd5 Bxd5 11. exd5 g6 12. O-O-O Nb6 13. Kb1 Nbxd5 14. Bg5 Be7
15. Bd3 Qc7 16. Rc1 Nd7 17. c4 Bxg5 18. Qxg5 Ne7 19. c5 d5 20. Rhe1 f6 21. Qg3
Kf7 22. Qf2 f5 23. Qd2 Nf6 24. Qa5 Qxa5 25. Nxa5 e4 26. Bc2 Rab8 27. Ba4 b6 28.
cxb6 Rxb6 29. Rc7 Rc8 30. Ra7 Ke6 31. a3 g5 32. b4 g4 33. Nb3 Rc4 34. Ka1 Ng6
35. Rg7 Nf4 36. fxe4 fxe4 37. g3 Nd3 38. Rd1 a5 39. Nxa5 Rc3 40. Ka2 e3 41. Nb3
Rxb3 42. Bxb3 e2 43. Rb1 Ne4 44. Rg6+ Kf5 45. Rxb6 Nc3+ 46. Ka1 Nxb1 47. Bc2
e1=Q 48. Bxd3+ Ke5 49. Bxb1 Qc3+ 50. Ka2 Qd2+ 51. Ka1 Qd4+ 0-1

[Event "World Blitz 2025"]
[Site "Doha QAT"]
[Date "2025.12.30"]
[Round "17.77"]
[White "Kuandykuly, Danis"]
[Black "Krallis, Christos"]
[Result "1-0"]
[WhiteTitle "FM"]
[BlackTitle "IM"]
[WhiteElo "2372"]
[BlackElo "2416"]
[WhiteFideId "13752260"]
[BlackFideId "4298896"]
[EventDate "2025.12.29"]

1. e4 c5 2. Nf3 Nc6 3. Bb5 g6 4. O-O Bg7 5. Re1 Nf6 6. Bxc6 dxc6 7. d3 O-O 8. a4
Ne8 9. h3 Nc7 10. a5 Rb8 11. e5 Nd5 12. Nbd2 b6 13. axb6 axb6 14. Ne4 h6 15. Bd2
Bf5 16. Qe2 Ra8 17. c4 Nc7 18. Bc3 Ne6 19. Qe3 g5 20. Rad1 Qc8 21. b4 cxb4 22.
Bxb4 c5 23. Bc3 Ra3 24. Bb2 Rb3 25. Ba1 Nf4 26. h4 Rd8 27. hxg5 hxg5 28. Nfxg5
Nxd3 29. Rf1 b5 30. e6 Bxa1 31. exf7+ Kf8 32. Rxa1 Qc6 33. Qf3 Qg6 34. Ra6 e6
35. Qg3 Nc1 36. Nxe6+ Kxf7 37. Nxd8+ Ke8 38. Qe5+ Kxd8 39. Rxg6 Ne2+ 40. Kh2 1-0

[Event "World Blitz 2025"]
[Site "Doha QAT"]
[Date "2025.12.30"]
[Round "17.78"]
[White "Davtyan, Artur"]
[Black "Morris, James"]
[Result "1-0"]
[WhiteTitle "IM"]
[BlackTitle "IM"]
[WhiteElo "2474"]
[BlackElo "2422"]
[WhiteFideId "13308327"]
[BlackFideId "3205800"]
[EventDate "2025.12.29"]

1. e4 Nc6 2. d4 d5 3. e5 Bf5 4. Nf3 e6 5. Be2 f6 6. O-O Nge7 7. c4 Qd7 8. Nc3
fxe5 9. cxd5 Nxd5 10. Bb5 Nxc3 11. bxc3 exd4 12. cxd4 Bd6 13. d5 exd5 14. Re1+
Kd8 15. Bg5+ Kc8 16. Nd4 a6 17. Ba4 b5 18. Nxc6 bxa4 19. Qxa4 Bd3 20. Qd4 Qxc6
21. Qxd3 Rb8 22. Rab1 Qc4 23. Qf5# 1-0

[Event "World Blitz 2025"]
[Site "Doha QAT"]
[Date "2025.12.30"]
[Round "17.79"]
[White "Chanda, Sandipan"]
[Black "Bai, Adelard"]
[Result "0-1"]
[WhiteTitle "GM"]
[BlackTitle "IM"]
[WhiteElo "2490"]
[BlackElo "2417"]
[WhiteFideId "5004225"]
[BlackFideId "16301188"]
[EventDate "2025.12.29"]

1. d4 Nf6 2. Nf3 e6 3. Nbd2 c5 4. e3 b6 5. b3 Bb7 6. Bb2 Be7 7. Bd3 O-O 8. O-O
d5 9. Qe2 Nbd7 10. e4 dxe4 11. Nxe4 cxd4 12. Nxd4 Qc7 13. Rad1 Rad8 14. Rfe1
Nxe4 15. Bxe4 Bxe4 16. Qxe4 Nf6 17. Qe2 Rd7 18. Rd3 Rfd8 19. Red1 Qb7 20. c4 a6
21. a4 Bc5 22. h3 h6 23. Kh1 Qe4 24. Qxe4 Nxe4 25. Kg1 e5 26. Re1 Bxd4 27. Bxd4
Rxd4 0-1

[Event "World Blitz 2025"]
[Site "Doha QAT"]
[Date "2025.12.30"]
[Round "17.80"]
[White "Aditya, Mittal"]
[Black "Nurgaliyev, Sauat"]
[Result "0-1"]
[WhiteTitle "GM"]
[BlackTitle "IM"]
[WhiteElo "2624"]
[BlackElo "2437"]
[WhiteFideId "35042025"]
[BlackFideId "13726285"]
[EventDate "2025.12.29"]

1. d4 d6 2. e4 Nf6 3. Nc3 e5 4. Nf3 Nbd7 5. g4 Nxg4 6. Rg1 exd4 7. Nxd4 Nde5 8.
Bf4 g6 9. Qe2 c6 10. O-O-O Qe7 11. f3 Nf6 12. Bg5 h6 13. Bh4 g5 14. Bg3 Nh5 15.
Kb1 Bg7 16. Qe3 Be6 17. Be2 Bf6 18. f4 Nxf4 19. Bxf4 gxf4 20. Qxf4 O-O-O 21. Nf5
Bxf5 22. Qxf5+ Kb8 23. Bh5 Rhg8 24. Rgf1 Bh8 25. Qh7 Qg5 26. Rf5 Qg7 27. Qxg7
Bxg7 28. Bxf7 Rgf8 29. Be6 Rfe8 30. Bb3 Kc7 31. Rg1 Bh8 32. Ne2 Rf8 33. Nf4 Rxf5
34. exf5 Kb6 35. Ng6 Bf6 36. Be6 Nf3 37. Rg3 Ng5 38. h4 Ne4 39. Rb3+ Kc7 40. Re3
d5 41. c4 Nd2+ 42. Kc2 Nxc4 43. Re2 Nxb2 44. Nf4 Nc4 45. Nh5 Bxh4 46. f6 Rf8 47.
f7 Nd6 48. Rh2 Bg5 49. Rf2 Ne4 50. Rf3 Kd6 51. Bh3 Ke7 52. Rb3 b6 53. Ra3 a5 54.
Rb3 b5 55. Ng7 Rxf7 56. Nf5+ Kd8 57. Nd4 Kc7 58. Nf5 Nd6 59. Nd4 Rf2+ 60. Kb1
Nc4 61. Rc3 Bf6 62. Ne6+ Kb6 63. Rd3 Rb2+ 64. Kc1 Rxa2 65. Nf8 Bg5+ 66. Kb1 Rb2+
67. Ka1 Rh2 68. Kb1 Ka7 69. Ne6 Rb2+ 70. Ka1 Bf6 71. Nc5 Rb4+ 72. Ka2 Rb2+ 73.
Ka1 Rd2+ 74. Kb1 Rxd3 75. Nxd3 Kb6 76. Bd7 Be7 77. Nf4 Bd6 78. Ne6 Ne5 79. Be8
a4 80. Nd4 b4 81. Nf5 Bc5 82. Nxh6 b3 83. Ng4 Nxg4 0-1